Statistics for Top 10 largest navies

Click here to take the quiz!

General Stats

  • This quiz has been taken 51 times
  • The average score is 9 of 10

Answer Stats

Aircraft CarriersWarfare ShipsCruisersDestroyersFrigatesCorvettesSubmarinesAnswer% Correct
269036524259People's Liberation Army Navy
100%
01042204Republic of China Navy
100%
15261867859Russian Navy
100%
11342269212770US Navy
100%
260613011Royal Navy
98%
1301111010French Navy
96%
11011142616Indian Navy
94%
070406020Japan Maritime Self-Defence Force
92%
11012143623Republic of Korea Navy
85%
23041056Italian Navy
81%

Score Distribution

Percentile by Number Answered

Percent of People with Each Score

Your Score History

You have not taken this quiz